| 000 | 00451nam a2200181Ia 4500 | ||
|---|---|---|---|
| 001 | 9226 | ||
| 005 | 20260306160708.0 | ||
| 008 | 260306t2000||||xx |||||||||||||| ||spa|| | ||
| 041 | _aESP | ||
| 082 |
_a378 _bC64 |
||
| 100 |
_aCírculo de Progreso _eAUT |
||
| 245 | 0 | _aInternacional directory postgraduate programmes dices 2000 | |
| 260 | _c2000 | ||
| 300 |
_a365 páginas : _c26 cm. |
||
| 650 | _aGEN | ||
| 654 | _aCED | ||
| 942 |
_cLIB _dJUS _fJUS _2ddc _n |
||
| 999 |
_c9226 _d9226 |
||